Angel child, dragon child /

Ut, a Vietnamese girl attending shcool in the United States, lonely for her mother left behind in Vietnam, makes a new friend who presents her wiith a woonderful gift.

Bibliographic Details
Main Author: Surat, Michele Maria
Other Authors: Vo-Dinh, Mai, 1933-2009
Format: Book
Language:English
Published: Milwaukee : Raintree Publishers, 1983.
Subjects:

MARC

Tag First Indicator Second Indicator Subfields
LEADER 00000pam a2200000 a 4500
001 in00000535513
005 20191214063412.0
008 830405s1983 wiua j 00011 eng
010 |a  83008606  
020 |a 0940742128 
035 |a (OCoLC)09441163 
035 |9 ACH1575AM 
040 |a DLC  |c DLC  |d TXA  |d UtOrBLW 
049 |a [Curr Col] TXAM  |c [954964] 
050 0 0 |a PZ7.S9656  |b An 1983 
082 0 |a [E]  |2 19 
100 1 |a Surat, Michele Maria. 
245 1 0 |a Angel child, dragon child /  |c story by Michele Maria Surat ; pictures by Vo-Dinh Mai. 
264 1 |a Milwaukee :  |b Raintree Publishers,  |c 1983. 
300 |a 35 pages :  |b color illustrations ;  |c 22 x 29 cm. 
336 |a text  |b txt  |2 rdacontent 
337 |a unmediated  |b n  |2 rdamedia 
338 |a volume  |b nc  |2 rdacarrier 
500 |a "A Carnival Press book." 
520 |a Ut, a Vietnamese girl attending shcool in the United States, lonely for her mother left behind in Vietnam, makes a new friend who presents her wiith a woonderful gift. 
650 1 |a Vietnamese Americans  |x Fiction. 
650 1 |a Schools  |v Fiction. 
700 1 |a Vo-Dinh, Mai,  |d 1933-2009. 
999 |a MARS 
999 f f |s 11f3d701-e829-3874-9408-63fd09175e05  |i 7a0030ee-5116-3352-94b7-151b8b4fb97f  |t 0 
952 f f |p ric  |a Texas A&M University  |b Rellis Campus  |c Joint Library Facility  |d Remote Storage  |t 0  |e PZ7.S9656 An 1983  |h Library of Congress classification  |i unmediated -- volume  |m A14808768358 
998 f f |a PZ7.S9656 An 1983  |t 0  |l Remote Storage